| 000 | 00703nam a2200193Ia 4500 | ||
|---|---|---|---|
| 001 | 22107 | ||
| 003 | GE_BSU | ||
| 008 | 181216s||||||||xx |||||||||||||| ||und|| | ||
| 040 | _cGE_BSU | ||
| 245 | _aმაჭახელი#8. 2017 | ||
| 245 | _bსამეცნიერო-პოპულარული და საზოგადოებრივი ჟურნალი.. | ||
| 245 | _cრედ. ნ. კახიძე. ამირან კახიძე., რ. მალაყმაძე. | ||
| 260 | _aბათუმი | ||
| 260 | _c2017 | ||
| 300 | _a88გვ. 29 სმ. ილ. | ||
| 653 | _aმაჭახელი#8. | ||
| 653 | _aპერიოდიკა | ||
| 942 | _cCR | ||
| 999 |
_c55032 _d55032 |
||